00505nam a2200145 a 450000100100000000500170001000800410002704000250006810000360009324501260012925000110025526000400026630000210030650400320032700003898620201002031440.0130510s19uu dr 000 0 spa d aDO-SdBNPbspacBNPHU1 aPérez Mateo, Ramón Mercedes10aHipótesis sociales siglo XXI :bconcepción viva y elocuente de un objeto o persona /cRamón Mercedes Pérez Mateo. a2a ed. a[Santo Domingo] :b[s.n.],c[20-?]. a218 p. ;c22 cm. aBibliografía : p. 216-218